000 00653nam a2200277Ia 4500
003 OSt
005 20140507092957.0
008 140130s9999 xx 000 0 und d
020 _a0439204739
050 _aPZ 8.3
_b.C13Wf 2000
100 _aCalder, Lyn.
245 _cLyn Calder.
_aWhat's my job? /
260 _bScholastic Inc.,
_cc2000.
_aUSA :
300 _a36 p. :
_bcol. ill. ;
_c23 cm.
440 _v1
521 _aG1
526 _c130
650 _aOccupations
_xFiction.
650 _aStories in rhyme.
942 _cBK
_2lcc
999 _c41842
_d41842